Score 0/30 Timer 04:00
0 Plays Today
% Correct
* BIT
89.1%
TAT
85.7%
D'OH
85.5%
MICK
85.4%
BOT
80.5%
LINT
80.5%
TIT
78.9%
MICE
78.9%
THINK
77.8%
MOTH
75%
DOB
74.8%
* TAD
73.3%
DAD
73.3%
THICK
72.2%
* DAB
70.4%
% Correct
LINK
68.9%
TRADE
67.1%
TRICK
65.5%
DOTH
65.2%
* LICK
65.2%
GRADE
64.9%
TRACK
57.4%
* MITE
55.5%
* TRACE
54.4%
GLADE
53.7%
* MOTE
51.7%
* JOT
47.9%
* HINT
47.2%
SLADE
20.6%
* SHADE
8.8%

Today's Daily Dose

Remove Ads.
Support Sporcle.
Get the best of Sporcle when you Go Orange. This ad-free experience offers more features, more stats, and more fun while also helping to support Sporcle. Thank you for becoming a member.

You're not logged in!

Compare scores with friends on all Sporcle quizzes.
OR
Log In

Show Comments

Extras

Top Quizzes Today


Score Distribution

Your Account Isn't Verified!

In order to create a playlist on Sporcle, you need to verify the email address you used during registration. Go to your Sporcle Settings to finish the process.

Report this User

Report this user for behavior that violates our Community Guidelines.

Details: